| 000 | 01028nam a2200265 a 4500 | ||
|---|---|---|---|
| 001 | 000005176 | ||
| 005 | 20200929151611.0 | ||
| 008 | 090730s2000 dr a r 000 0 spa d | ||
| 020 | _a9993482137 | ||
| 040 |
_aDO-SdBNP _bspa _cBNPHU |
||
| 082 |
_a634.99 _bN325a |
||
| 100 | 1 |
_aNavia Estrada, Jorge Fernándo _914819 |
|
| 245 | 1 | 0 |
_aAgroforestería : _bactualización profesional en manejo de recursos naturales, agricultura sostenible y pobreza rural / _cJorge Fernándo Navia Estrada. |
| 260 |
_aSanto Domingo : _bCEDAF, _c2000. |
||
| 300 |
_a159 P. : _bil. ; _c28 cm. |
||
| 490 | 1 | _aProyecto ÁGORA | |
| 504 | _aIncluye referencias bibliográficas al final de los capítulos | ||
| 590 | _aInventariado, 2018/BT | ||
| 650 | 4 |
_aProyectos agroforestales _914820 |
|
| 650 | 4 |
_aProyecto de desarrollo agricola _914821 |
|
| 653 | 2 | _aAGROFORESTERÍA | |
| 710 | 2 | 2 |
_aCentro para el Desarrollo Agropecuario y Forestal (República Dominicana) _9130 |
| 830 | 0 |
_aProyecto ÁGORA _914822 |
|
| 910 | _aValidado. Control de calidad. MFF | ||
| 999 |
_c4979 _d4979 |
||